[Event "DEM U12w 2022"]
[Site "Willingen GER"]
[Date "2022.06.08"]
[Round "5"]
[White "Bauer, Laura Sophie"]
[Black "Leicher, Anna"]
[Result "1-0"]
[Termination "normal"]
[Board "5"]
[WhiteElo "1428"]
[BlackElo "1223"]
[WhiteClock "00:16:04"]
[BlackClock "00:25:27"]
[PlyCount "125"]
[WhiteFideId "16253647"]
[BlackFideId "34614966"]
[EventCountry "GER"]
[EventRounds "9"]
[EventType "swiss"]
[EventDate "2022.06.04"]

1. e4 {[%clk 01:30:57]} {[%emt 00:00:02]} e5 {[%clk 01:30:54]} {[%emt
00:00:07]} 2. Nf3 {[%clk 01:31:22]} {[%emt 00:00:05]} Nc6 {[%clk 01:31:19]}
{[%emt 00:00:05]} 3. Bb5 {[%clk 01:31:47]} {[%emt 00:00:05]} a6 {[%clk
01:30:21]} {[%emt 00:01:28]} 4. Ba4 {[%clk 01:32:10]} {[%emt 00:00:06]} b5
{[%clk 01:30:21]} {[%emt 00:00:30]} 5. Bb3 {[%clk 01:32:35]} {[%emt 00:00:05]}
Nf6 {[%clk 01:30:02]} {[%emt 00:00:50]} 6. O-O {[%clk 01:32:55]} {[%emt
00:00:10]} Bc5 {[%clk 01:29:45]} {[%emt 00:00:47]} 7. c3 {[%clk 01:32:25]}
{[%emt 00:00:59]} d6 {[%clk 01:29:36]} {[%emt 00:00:38]} 8. h3 {[%clk
01:32:08]} {[%emt 00:00:48]} O-O {[%clk 01:26:40]} {[%emt 00:03:26]} 9. d4
{[%clk 01:31:13]} {[%emt 00:01:25]} Bb6 {[%clk 01:26:20]} {[%emt 00:00:50]} 10.
Re1 {[%clk 01:27:31]} {[%emt 00:04:11]} h6 {[%clk 01:25:25]} {[%emt 00:01:25]}
11. d5 {[%clk 01:22:11]} {[%emt 00:05:51]} Ne7 {[%clk 01:24:51]} {[%emt
00:01:03]} 12. Nbd2 {[%clk 01:19:29]} {[%emt 00:03:13]} a5 {[%clk 01:20:35]}
{[%emt 00:04:47]} 13. a4 {[%clk 01:17:48]} {[%emt 00:02:10]} b4 {[%clk
01:18:04]} {[%emt 00:03:01]} 14. Bc4 {[%clk 01:06:22]} {[%emt 00:11:56]} c6
{[%clk 01:15:52]} {[%emt 00:02:42]} 15. dxc6 {[%clk 01:02:18]} {[%emt
00:04:34]} Nxc6 {[%clk 01:15:25]} {[%emt 00:00:57]} 16. Bb5 {[%clk 00:57:59]}
{[%emt 00:04:49]} Bb7 {[%clk 01:12:58]} {[%emt 00:02:57]} 17. Nc4 {[%clk
00:54:51]} {[%emt 00:03:37]} Bc5 {[%clk 01:09:25]} {[%emt 00:04:04]} 18. Nh4
{[%clk 00:52:02]} {[%emt 00:03:19]} d5 {[%clk 01:02:16]} {[%emt 00:07:40]} 19.
exd5 {[%clk 00:50:14]} {[%emt 00:02:17]} Nxd5 {[%clk 01:01:25]} {[%emt
00:01:20]} 20. Qg4 {[%clk 00:45:25]} {[%emt 00:05:20]} Qf6 {[%clk 00:59:36]}
{[%emt 00:02:16]} 21. Nf5 {[%clk 00:37:46]} {[%emt 00:08:12]} Bc8 {[%clk
00:58:14]} {[%emt 00:01:52]} 22. Bxc6 {[%clk 00:34:50]} {[%emt 00:03:26]} Bxf5
{[%clk 00:54:50]} {[%emt 00:03:53]} 23. Qf3 {[%clk 00:25:03]} {[%emt 00:10:17]}
e4 {[%clk 00:47:17]} {[%emt 00:08:04]} 24. Rxe4 {[%clk 00:18:19]} {[%emt
00:07:14]} Bxe4 {[%clk 00:46:14]} {[%emt 00:01:33]} 25. Qxf6 {[%clk 00:17:54]}
{[%emt 00:00:54]} Nxf6 {[%clk 00:46:05]} {[%emt 00:00:39]} 26. Bxa8 {[%clk
00:17:58]} {[%emt 00:00:27]} Rxa8 {[%clk 00:46:04]} {[%emt 00:00:31]} 27. Bf4
{[%clk 00:17:41]} {[%emt 00:00:46]} Nd5 {[%clk 00:43:16]} {[%emt 00:03:15]} 28.
Bd2 {[%clk 00:15:47]} {[%emt 00:02:28]} Nb6 {[%clk 00:41:37]} {[%emt 00:02:05]}
29. Nxb6 {[%clk 00:13:49]} {[%emt 00:02:31]} Bxb6 {[%clk 00:41:31]} {[%emt
00:00:36]} 30. cxb4 {[%clk 00:13:54]} {[%emt 00:00:25]} axb4 {[%clk 00:41:17]}
{[%emt 00:00:45]} 31. Bxb4 {[%clk 00:14:13]} {[%emt 00:00:10]} Rb8 {[%clk
00:40:36]} {[%emt 00:01:13]} 32. Bc3 {[%clk 00:14:14]} {[%emt 00:00:29]} Ra8
{[%clk 00:39:39]} {[%emt 00:01:25]} 33. a5 {[%clk 00:14:24]} {[%emt 00:00:22]}
Bd3 {[%emt 00:01:15]} 34. Rd1 {[%clk 00:14:01]} {[%emt 00:00:23]} Bxa5 {[%clk
00:33:55]} {[%emt 00:05:58]} 35. Rxd3 {[%clk 00:13:34]} {[%emt 00:00:57]} Bxc3
{[%clk 00:33:00]} {[%emt 00:01:25]} 36. Rxc3 {[%clk 00:13:24]} {[%emt
00:00:40]} Kf8 {[%clk 00:33:20]} {[%emt 00:00:10]} 37. Rc1 {[%clk 00:13:48]}
{[%emt 00:00:06]} Rb8 {[%clk 00:33:40]} {[%emt 00:00:10]} 38. Rb1 {[%clk
00:14:12]} {[%emt 00:00:06]} Ke7 {[%clk 00:34:06]} {[%emt 00:00:04]} 39. Kh2
{[%clk 00:14:34]} {[%emt 00:00:09]} Rb7 {[%clk 00:33:49]} {[%emt 00:00:46]} 40.
b4 {[%clk 00:14:46]} {[%emt 00:00:18]} Kd6 {[%clk 00:33:41]} {[%emt 00:00:38]}
41. Kg3 {[%clk 00:15:08]} {[%emt 00:00:07]} Ke6 {[%clk 00:33:41]} {[%emt
00:00:31]} 42. b5 {[%clk 00:15:31]} {[%emt 00:00:07]} Kf6 {[%clk 00:33:47]}
{[%emt 00:00:24]} 43. b6 {[%clk 00:15:53]} {[%emt 00:00:08]} Ke6 {[%clk
00:33:49]} {[%emt 00:00:27]} 44. Kf4 {[%clk 00:15:49]} {[%emt 00:00:35]} Kf6
{[%clk 00:34:01]} {[%emt 00:00:18]} 45. f3 {[%clk 00:15:50]} {[%emt 00:00:29]}
Ke6 {[%clk 00:32:25]} {[%emt 00:02:05]} 46. h4 {[%emt 00:04:11]} Ke7 {[%clk
00:29:11]} 47. Ke5 {[%clk 00:16:09]} {[%emt 00:00:13]} g6 {[%clk 00:28:22]}
{[%emt 00:01:20]} 48. g4 {[%clk 00:16:18]} {[%emt 00:00:20]} Ke8 {[%clk
00:26:44]} {[%emt 00:02:08]} 49. Kf6 {[%clk 00:16:01]} {[%emt 00:00:48]} Kf8
{[%clk 00:26:53]} {[%emt 00:00:21]} 50. f4 {[%clk 00:15:46]} {[%emt 00:00:45]}
Kg8 {[%clk 00:25:45]} {[%emt 00:01:36]} 51. Ke5 {[%clk 00:12:48]} {[%emt
00:03:30]} Kf8 {[%clk 00:25:14]} {[%emt 00:01:01]} 52. Kd6 {[%clk 00:13:12]}
{[%emt 00:00:06]} Ke8 {[%clk 00:25:19]} {[%emt 00:00:24]} 53. Kc6 {[%clk
00:13:36]} {[%emt 00:00:06]} Rb8 {[%clk 00:24:43]} {[%emt 00:00:49]} 54. Kc7
{[%clk 00:14:00]} {[%emt 00:00:24]} Rd8 {[%clk 00:23:39]} {[%emt 00:01:33]} 55.
Re1+ {[%clk 00:14:06]} {[%emt 00:00:25]} Kf8 {[%clk 00:23:58]} {[%emt
00:00:11]} 56. Kxd8 {[%clk 00:14:29]} {[%emt 00:00:07]} Kg7 {[%clk 00:24:22]}
{[%emt 00:00:06]} 57. b7 {[%clk 00:14:54]} {[%emt 00:00:05]} f5 {[%clk
00:24:36]} {[%emt 00:00:16]} 58. b8=Q {[%clk 00:15:15]} {[%emt 00:00:08]} fxg4
{[%clk 00:24:46]} {[%emt 00:00:20]} 59. Qc7+ {[%clk 00:15:25]} {[%emt
00:00:21]} Kf6 {[%clk 00:25:02]} {[%emt 00:00:13]} 60. Re5 {[%clk 00:15:45]}
{[%emt 00:00:10]} g5 {[%clk 00:25:07]} {[%emt 00:00:26]} 61. Qc6+ {[%clk
00:15:53]} {[%emt 00:00:21]} Kf7 {[%clk 00:25:19]} {[%emt 00:00:19]} 62. Re7+
{[%clk 00:16:11]} {[%emt 00:00:12]} Kf8 {[%clk 00:25:27]} {[%emt 00:00:23]} 63.
Qe8 {[%clk 00:16:04]} {[%emt 00:00:04]} 1-0

[Event "DEM U12w 2022"]
[Site "Willingen GER"]
[Date "2022.06.08"]
[Round "5"]
[White "Kopylov, Diana"]
[Black "Wagner, Cosima"]
[Result "0-1"]
[Termination "normal"]
[Board "6"]
[WhiteElo "1110"]
[BlackElo "1362"]
[WhiteClock "00:14:30"]
[BlackClock "00:11:03"]
[PlyCount "118"]
[WhiteFideId "16268865"]
[BlackFideId "34603484"]
[EventCountry "GER"]
[EventRounds "9"]
[EventType "swiss"]
[EventDate "2022.06.04"]

1. d4 {[%clk 01:30:57]} {[%emt 00:00:02]} d5 {[%clk 01:30:56]} {[%emt
00:00:05]} 2. c4 {[%clk 01:31:21]} {[%emt 00:00:06]} e6 {[%clk 01:31:21]}
{[%emt 00:00:05]} 3. cxd5 {[%clk 01:31:46]} {[%emt 00:00:05]} exd5 {[%clk
01:31:34]} {[%emt 00:00:17]} 4. Nc3 {[%clk 01:32:09]} {[%emt 00:00:07]} c6
{[%clk 01:31:57]} {[%emt 00:00:07]} 5. Qc2 {[%clk 01:32:27]} {[%emt 00:00:11]}
Bd6 {[%clk 01:31:30]} {[%emt 00:00:58]} 6. Bd2 {[%clk 01:22:04]} {[%emt
00:10:52]} Ne7 {[%clk 01:26:44]} {[%emt 00:05:17]} 7. e3 {[%clk 01:20:16]}
{[%emt 00:02:17]} Bf5 {[%clk 01:26:42]} {[%emt 00:00:33]} 8. Bd3 {[%clk
01:20:06]} {[%emt 00:00:39]} Bxd3 {[%clk 01:27:03]} {[%emt 00:00:10]} 9. Qxd3
{[%clk 01:20:21]} {[%emt 00:00:14]} O-O {[%clk 01:25:57]} {[%emt 00:01:37]} 10.
Nge2 {[%clk 01:19:21]} {[%emt 00:01:29]} Nd7 {[%clk 01:22:16]} {[%emt
00:04:12]} 11. O-O-O {[%clk 01:18:15]} {[%emt 00:01:35]} Nb6 {[%clk 01:19:29]}
{[%emt 00:03:18]} 12. Kb1 {[%clk 01:13:25]} {[%emt 00:05:20]} Nc4 {[%clk
01:10:21]} {[%emt 00:09:38]} 13. h4 {[%clk 01:05:59]} {[%emt 00:07:54]} a5
{[%clk 01:02:40]} {[%emt 00:08:12]} 14. e4 {[%clk 00:49:39]} {[%emt 00:16:51]}
a4 {[%clk 00:55:47]} {[%emt 00:07:23]} 15. exd5 {[%clk 00:42:21]} {[%emt
00:07:46]} cxd5 {[%clk 00:55:58]} {[%emt 00:00:20]} 16. Bf4 {[%clk 00:35:31]}
{[%emt 00:07:20]} a3 {[%clk 00:51:26]} {[%emt 00:05:03]} 17. b3 {[%clk
00:33:46]} {[%emt 00:02:14]} Nb2 {[%clk 00:51:15]} {[%emt 00:00:42]} 18. Qd2
{[%clk 00:30:02]} {[%emt 00:04:11]} Nxd1 {[%clk 00:51:07]} {[%emt 00:00:41]}
19. Rxd1 {[%clk 00:30:10]} {[%emt 00:00:21]} Bb4 {[%clk 00:41:07]} {[%emt
00:10:30]} 20. h5 {[%clk 00:22:46]} {[%emt 00:07:53]} Rc8 {[%clk 00:27:17]}
{[%emt 00:14:22]} 21. Qd3 {[%clk 00:19:22]} {[%emt 00:03:52]} Qd7 {[%clk
00:21:57]} {[%emt 00:05:51]} 22. f3 {[%clk 00:15:55]} {[%emt 00:03:57]} Bxc3
{[%clk 00:18:47]} {[%emt 00:03:40]} 23. Nxc3 {[%clk 00:16:01]} {[%emt
00:00:23]} Qf5 {[%clk 00:18:57]} {[%emt 00:00:20]} 24. Qxf5 {[%clk 00:15:28]}
{[%emt 00:01:03]} Nxf5 {[%clk 00:19:25]} {[%emt 00:00:04]} 25. Nxd5 {[%clk
00:14:49]} {[%emt 00:01:08]} Rcd8 {[%clk 00:17:58]} {[%emt 00:01:58]} 26. Nc3
{[%clk 00:11:51]} {[%emt 00:03:28]} Rxd4 {[%clk 00:16:38]} {[%emt 00:01:51]}
27. Rxd4 {[%clk 00:11:10]} {[%emt 00:01:10]} Nxd4 {[%clk 00:17:00]} {[%emt
00:00:07]} 28. Bd6 {[%clk 00:10:26]} {[%emt 00:01:14]} Rc8 {[%clk 00:12:42]}
{[%emt 00:04:49]} 29. Bb4 {[%clk 00:08:32]} {[%emt 00:02:24]} Re8 {[%clk
00:06:44]} {[%emt 00:06:29]} 30. Ne4 {[%clk 00:06:37]} {[%emt 00:02:24]} Nb5
{[%clk 00:06:11]} {[%emt 00:01:03]} 31. Kc1 {[%clk 00:04:23]} {[%emt 00:02:44]}
Re5 {[%clk 00:05:34]} {[%emt 00:01:08]} 32. g4 {[%clk 00:04:12]} {[%emt
00:00:40]} f5 {[%clk 00:05:23]} {[%emt 00:00:41]} 33. Ng3 {[%clk 00:04:06]}
{[%emt 00:00:36]} fxg4 {[%clk 00:05:22]} {[%emt 00:00:32]} 34. fxg4 {[%clk
00:04:09]} {[%emt 00:00:27]} Rg5 {[%clk 00:05:27]} {[%emt 00:00:25]} 35. Be1
{[%clk 00:03:18]} {[%emt 00:01:20]} Rxg4 {[%clk 00:05:25]} {[%emt 00:00:31]}
36. Kc2 {[%clk 00:03:19]} {[%emt 00:00:30]} Nd6 {[%clk 00:02:54]} {[%emt
00:03:02]} 37. Kd3 {[%clk 00:02:04]} {[%emt 00:01:45]} Ne8 {[%clk 00:01:23]}
{[%emt 00:02:01]} 38. Nf5 {[%clk 00:01:44]} {[%emt 00:00:48]} Rg5 {[%clk
00:01:03]} {[%emt 00:00:52]} 39. Ng3 {[%clk 00:02:04]} {[%emt 00:00:09]} Nf6
{[%clk 00:01:19]} {[%emt 00:00:14]} 40. h6 {[%clk 00:01:40]} {[%emt 00:00:54]}
g6 {[%clk 00:01:14]} {[%emt 00:00:35]} 41. Ne2 {[%clk 00:01:18]} {[%emt
00:00:52]} Rh5 {[%clk 00:28:27]} {[%emt 00:03:17]} 42. Bd2 {[%clk 00:31:23]}
{[%emt 00:00:25]} Ng4 {[%clk 00:26:46]} {[%emt 00:02:11]} 43. Bb4 {[%clk
00:30:58]} {[%emt 00:00:55]} Nxh6 {[%clk 00:23:43]} {[%emt 00:03:32]} 44. Bxa3
{[%clk 00:31:02]} {[%emt 00:00:27]} Nf5 {[%clk 00:21:04]} {[%emt 00:03:10]} 45.
Bb4 {[%clk 00:26:43]} {[%emt 00:04:47]} Rh3+ {[%clk 00:19:37]} {[%emt
00:01:56]} 46. Kc4 {[%clk 00:25:45]} {[%emt 00:01:29]} Rh2 {[%clk 00:16:46]}
{[%emt 00:03:22]} 47. Nc3 {[%clk 00:25:02]} {[%emt 00:01:13]} Rc2 {[%clk
00:15:05]} {[%emt 00:02:11]} 48. Kb5 {[%clk 00:19:12]} {[%emt 00:06:20]} h5
{[%clk 00:14:12]} {[%emt 00:01:23]} 49. a4 {[%clk 00:15:28]} {[%emt 00:04:14]}
h4 {[%clk 00:13:30]} {[%emt 00:01:12]} 50. Ne4 {[%clk 00:13:47]} {[%emt
00:02:10]} h3 {[%clk 00:11:50]} {[%emt 00:02:11]} 51. Nf6+ {[%clk 00:13:54]}
{[%emt 00:00:22]} Kf7 {[%clk 00:12:05]} {[%emt 00:00:16]} 52. Ng4 {[%clk
00:13:38]} {[%emt 00:00:45]} Nd4+ {[%clk 00:11:47]} {[%emt 00:00:49]} 53. Kb6
{[%clk 00:13:36]} {[%emt 00:00:31]} Nxb3 {[%clk 00:11:59]} {[%emt 00:00:20]}
54. Bd6 {[%clk 00:13:33]} {[%emt 00:00:32]} Rc6+ {[%clk 00:10:50]} {[%emt
00:01:39]} 55. Kxb7 {[%clk 00:13:47]} {[%emt 00:00:15]} Rxd6 {[%clk 00:11:14]}
{[%emt 00:00:07]} 56. Nh2 {[%clk 00:13:57]} {[%emt 00:00:20]} Rd4 {[%clk
00:11:19]} {[%emt 00:00:24]} 57. Nf3 {[%clk 00:13:51]} {[%emt 00:00:36]} Rxa4
{[%clk 00:11:32]} {[%emt 00:00:18]} 58. Ng5 {[%clk 00:14:13]} {[%emt 00:00:07]}
Kf6 {[%clk 00:11:19]} {[%emt 00:00:44]} 59. Nxh3 {[%clk 00:14:30]} {[%emt
00:00:12]} g5 {[%clk 00:11:03]} {[%emt 00:00:47]} 0-1

[Event "DEM U12w 2022"]
[Site "Willingen GER"]
[Date "2022.06.08"]
[Round "5"]
[White "Türel, Tugce"]
[Black "Halas, Neele Zoe"]
[Result "1-0"]
[Termination "normal"]
[Board "7"]
[WhiteElo "1312"]
[BlackElo "1415"]
[WhiteClock "01:09:47"]
[BlackClock "00:06:41"]
[PlyCount "115"]
[WhiteFideId "26350602"]
[BlackFideId "16287282"]
[EventCountry "GER"]
[EventRounds "9"]
[EventType "swiss"]
[EventDate "2022.06.04"]

1. e4 {[%clk 01:30:59]} e5 {[%clk 01:30:54]} {[%emt 00:00:07]} 2. Nf3 {[%clk
01:31:25]} {[%emt 00:00:04]} Nc6 {[%clk 01:31:20]} {[%emt 00:00:04]} 3. Bc4
{[%clk 01:31:47]} {[%emt 00:00:07]} Be7 {[%clk 01:31:44]} {[%emt 00:00:07]} 4.
d4 {[%clk 01:31:31]} {[%emt 00:00:46]} exd4 {[%clk 01:32:07]} {[%emt 00:00:07]}
5. c3 {[%clk 01:31:51]} {[%emt 00:00:10]} Nf6 {[%clk 01:32:30]} {[%emt
00:00:07]} 6. cxd4 {[%clk 01:27:36]} {[%emt 00:04:45]} Nxe4 {[%clk 01:27:18]}
{[%emt 00:05:42]} 7. d5 {[%clk 01:24:03]} {[%emt 00:04:01]} Bb4+ {[%clk
01:20:32]} {[%emt 00:07:17]} 8. Bd2 {[%clk 01:22:08]} {[%emt 00:02:26]} Bxd2+
{[%clk 01:20:13]} {[%emt 00:00:49]} 9. Nbxd2 {[%clk 01:22:20]} {[%emt
00:00:16]} Nxd2 {[%clk 01:20:11]} {[%emt 00:00:33]} 10. Qxd2 {[%clk 01:22:25]}
{[%emt 00:00:24]} Ne7 {[%clk 01:14:59]} {[%emt 00:05:43]} 11. d6 {[%clk
01:19:06]} {[%emt 00:03:49]} Ng6 {[%clk 01:13:12]} {[%emt 00:02:17]} 12. Qe3+
{[%clk 01:17:00]} {[%emt 00:02:36]} Kf8 {[%clk 01:09:20]} {[%emt 00:04:22]} 13.
O-O {[%clk 01:11:20]} {[%emt 00:06:10]} f6 {[%clk 01:06:36]} {[%emt 00:03:14]}
14. Rfe1 {[%clk 01:08:26]} {[%emt 00:03:25]} cxd6 {[%clk 01:00:50]} {[%emt
00:06:15]} 15. Re2 {[%clk 01:05:44]} {[%emt 00:03:13]} Ne5 {[%clk 00:57:01]}
{[%emt 00:04:18]} 16. Rae1 {[%clk 01:01:47]} {[%emt 00:04:27]} b6 {[%clk
00:53:25]} {[%emt 00:04:06]} 17. Nd4 {[%clk 01:00:36]} {[%emt 00:01:41]} Bb7
{[%clk 00:51:53]} {[%emt 00:02:02]} 18. Bb3 {[%clk 01:00:01]} {[%emt 00:01:05]}
Ba6 {[%clk 00:36:35]} {[%emt 00:15:48]} 19. Rd2 {[%clk 00:54:58]} {[%emt
00:05:33]} Rc8 {[%clk 00:17:35]} {[%emt 00:19:30]} 20. Nf5 {[%clk 00:45:31]}
{[%emt 00:09:57]} Nc4 {[%clk 00:11:45]} {[%emt 00:06:21]} 21. Bxc4 {[%clk
00:45:32]} {[%emt 00:00:29]} Rxc4 {[%clk 00:10:28]} {[%emt 00:01:46]} 22. Nxd6
{[%clk 00:45:37]} {[%emt 00:00:25]} Rc8 {[%clk 00:08:35]} {[%emt 00:02:23]} 23.
Nxc8 {[%clk 00:44:59]} {[%emt 00:01:08]} Bxc8 {[%clk 00:08:39]} {[%emt
00:00:26]} 24. Rde2 {[%clk 00:45:13]} {[%emt 00:00:17]} Kf7 {[%clk 00:08:44]}
{[%emt 00:00:25]} 25. Qe7+ {[%clk 00:44:41]} {[%emt 00:01:01]} Qxe7 {[%clk
00:09:05]} {[%emt 00:00:09]} 26. Rxe7+ {[%clk 00:45:06]} {[%emt 00:00:05]} Kg6
{[%clk 00:09:23]} {[%emt 00:00:12]} 27. Re8 {[%clk 00:44:48]} {[%emt 00:00:49]}
Rxe8 {[%clk 00:09:25]} {[%emt 00:00:28]} 28. Rxe8 {[%clk 00:45:13]} {[%emt
00:00:04]} Bb7 {[%clk 00:09:15]} {[%emt 00:00:41]} 29. Kf1 {[%clk 00:44:47]}
{[%emt 00:00:56]} Kf7 {[%clk 00:08:56]} {[%emt 00:00:48]} 30. Re3 {[%clk
00:44:53]} {[%emt 00:00:23]} Bd5 {[%clk 00:08:15]} {[%emt 00:01:08]} 31. a3
{[%clk 00:44:58]} {[%emt 00:00:29]} d6 {[%clk 00:08:01]} {[%emt 00:00:43]} 32.
g3 {[%clk 00:45:14]} {[%emt 00:00:15]} Be6 {[%clk 00:08:00]} {[%emt 00:00:30]}
33. Ke2 {[%clk 00:45:26]} {[%emt 00:00:19]} Ke7 {[%clk 00:07:45]} {[%emt
00:00:45]} 34. Kd3 {[%clk 00:45:36]} {[%emt 00:00:20]} Kd7 {[%clk 00:08:05]}
{[%emt 00:00:10]} 35. Kd4 {[%clk 00:45:47]} {[%emt 00:00:19]} d5 {[%clk
00:08:14]} {[%emt 00:00:20]} 36. Rc3 {[%clk 00:45:06]} {[%emt 00:01:11]} Kd6
{[%clk 00:08:28]} {[%emt 00:00:17]} 37. b3 {[%clk 00:44:29]} {[%emt 00:01:07]}
Bd7 {[%clk 00:08:07]} {[%emt 00:00:51]} 38. h4 {[%clk 00:44:21]} {[%emt
00:00:39]} h5 {[%clk 00:06:40]} {[%emt 00:01:56]} 39. f4 {[%clk 00:42:53]}
{[%emt 00:01:58]} f5 {[%clk 00:05:59]} {[%emt 00:01:10]} 40. a4 {[%clk
00:42:43]} {[%emt 00:00:42]} a6 {[%clk 00:01:11]} {[%emt 00:05:18]} 41. Rc1
{[%clk 00:42:28]} {[%emt 00:00:39]} Bc6 {[%clk 00:00:34]} {[%emt 00:01:12]} 42.
Ra1 {[%clk 00:42:21]} {[%emt 00:00:38]} Bd7 {[%clk 00:15:30]} {[%emt 00:15:33]}
43. b4 {[%clk 01:10:37]} {[%emt 00:02:14]} b5 {[%clk 00:15:03]} {[%emt
00:00:57]} 44. axb5 {[%clk 01:10:44]} {[%emt 00:00:22]} Bxb5 {[%clk 00:15:18]}
{[%emt 00:00:15]} 45. Re1 {[%clk 01:10:33]} {[%emt 00:00:42]} g6 {[%clk
00:14:34]} {[%emt 00:01:13]} 46. Rc1 {[%clk 01:10:47]} {[%emt 00:00:17]} Bc4
{[%clk 00:10:03]} {[%emt 00:05:00]} 47. Ra1 {[%clk 01:09:32]} {[%emt 00:01:46]}
Bb5 {[%clk 00:09:49]} {[%emt 00:00:43]} 48. Ra5 {[%clk 01:09:17]} {[%emt
00:00:46]} Bc4 {[%clk 00:07:45]} {[%emt 00:02:34]} 49. Rc5 {[%clk 01:08:55]}
{[%emt 00:00:51]} Bb5 {[%clk 00:05:31]} {[%emt 00:02:44]} 50. Rc8 {[%clk
01:08:25]} {[%emt 00:01:01]} Be2 {[%clk 00:05:15]} {[%emt 00:00:47]} 51. Rg8
{[%clk 01:08:37]} {[%emt 00:00:17]} Bg4 {[%clk 00:05:23]} {[%emt 00:00:23]} 52.
Rxg6+ {[%clk 01:08:52]} {[%emt 00:00:14]} Kc7 {[%clk 00:05:41]} {[%emt
00:00:12]} 53. Rxa6 {[%clk 01:08:57]} {[%emt 00:00:25]} Kb7 {[%clk 00:06:04]}
{[%emt 00:00:07]} 54. Rg6 {[%clk 01:09:00]} {[%emt 00:00:26]} Bf3 {[%clk
00:05:42]} {[%emt 00:00:52]} 55. Rg5 {[%clk 01:09:03]} {[%emt 00:00:27]} Bg4
{[%clk 00:06:01]} {[%emt 00:00:11]} 56. Kxd5 {[%clk 01:09:12]} {[%emt
00:00:21]} Kb6 {[%clk 00:06:20]} {[%emt 00:00:12]} 57. Rxg4 {[%clk 01:09:27]}
{[%emt 00:00:15]} fxg4 {[%clk 00:06:41]} {[%emt 00:00:09]} 58. f5 {[%clk
01:09:47]} {[%emt 00:00:10]} 1-0